000 00704cam a2200217 4500
001 D7064
008 090401t1974 xxu||||| |||| 00| 0 eng d
035 _a(Sirsi) u5009
041 _aeng
050 _a690.2
100 _aMelville, Ian A.
245 _aStructural surveys of dwelling houses. Second edition enlarged to include structural surveys of flats and new dwellings, with a chapter on the legal position of the surveyor by Anthony Boswood
250 _a2nd ed.
260 _aLondon
_bThe Estates Gazette
_c1974
300 _axiv. 426p. illus. 23cm
350 _a4.75
520 _aDescribed as second enlarged edition.
700 _aGordon, Ian A.
942 _n0
948 _c04/03/1997
999 _c86104
_d86104